Normal view MARC view
  • García Novoa, Ana,

Entry Nombre Personal

Number of records used in: 1

001 - NUMERO DE CONTROL

  • campo de control: 47522

003 - IDENTIFICADOR DE NUMERO DE CONTROL

  • campo de control: DLC

005 - FECHA Y HORA DE LA ÜLTIMA TRANSACCIÓN

  • campo de control: 20221201131201.0

008 - DATOS DE LONGITUD FIJA

  • campo de control de longitud fija: 181022n| azannaabn || aaa c

010 ## - NÚMERO DE CONTROL DE LA BIBLIOTECA DEL CONGRESO

  • Número de control LC: no2018143014

035 ## - NUMERO DE CONTROL

  • Número de control: (OCoLC)oca11613905

040 ## - FUENTE DE CATALOGACIÓN

  • Agencia original de catalogación: NJQ
  • Lenguaje de catalogación: spa
  • Description conventions: rda
  • Agencia de transcripción: NJQ
  • Agencia que lo modifica: NJQ
  • Agencia que lo modifica: MX-MxUPN

046 ## - FECHAS CON CODIFICACIÓN ESPECIAL

  • Fecha de nacimiento: 1971
  • Fuente del formato de fecha: edtf

100 1# - ENCABEZAMIENTO - NOMBRE PERSONAL

  • Nombre personal: García Novoa, Ana,
  • Fechas asociadas con el nombre: 1971-

370 ## - LUGAR ASOCIADO

  • Place of residence/headquarters: Barcelona (España)
  • Fuente del término: naf

372 ## - CAMPO DE ACTIVIDAD

  • Field of activity: Traducción
  • Fuente del término: lcsh

374 ## - OCUPACIÓN

  • Occupation: Traductora
  • Fuente del término: lcsh

377 ## - LENGUA ASOCIADA

  • Language code: spa
  • Language code: fre

670 ## - FUENTE EN LA QUE SE LOCALIZARON DATOS

  • Cita de la fuente: Poulhalec, Marie. 12 herramientas para captar la atención de los niños, 2018:
  • Información localizada: portada (traducción, Ana García Novoa)

670 ## - FUENTE EN LA QUE SE LOCALIZARON DATOS

  • Cita de la fuente: Biblioteca Nacional de España in VIAF, viewed October 22, 2018:
  • Información localizada: (hdg: García Novoa, Ana, 1971- ; vive en Barcelona ; traductora de francés, inglés, y portugués)

670 ## - FUENTE EN LA QUE SE LOCALIZARON DATOS

  • Cita de la fuente: Introducción a la sociología, 2004:
  • Información localizada: portada (Ana García Novoa)

902 ## - CATALOGADOR

  • Catalogador: Víctor Ruiz/011222